| 000 | 02034cam a22004454i 4500 | ||
|---|---|---|---|
| 003 | PE-LiUPU | ||
| 005 | 20250731175621.0 | ||
| 008 | 150520s2007 pe a rb 000 0 spa d | ||
| 020 | _a9789972607110 | ||
| 035 | _a(Sirsi) i9789972607110 | ||
| 040 |
_aPE-LiUPU _bspa _cPE-LiUPU _erda |
||
| 049 | _aPRUA | ||
| 082 | 0 | 4 |
_a401.41 _bC68 |
| 100 | 1 |
_aCoello Cruz, Óscar, _eautor. |
|
| 245 | 1 | 0 |
_aManual de semiótica clásica : _bSíntesis de la teoría de Greimas/Courtés / _cÓscar Coello Cruz, Universidad de San Martín de Porres. |
| 250 | _aPrimera edición. | ||
| 264 | 1 |
_aLima-Perú : _bUniversidad de San Martín de Porres, _c2007. |
|
| 300 |
_a173 páginas : _bilustraciones ; _c25 centímetros |
||
| 336 |
_atext _2rdacontent |
||
| 337 |
_aunmediated _2rdamedia |
||
| 338 |
_avolume _2rdacarrier |
||
| 504 | _aBibliografía: página 109. | ||
| 505 | 0 | _aFormas narrativas -- Estructuras narrativas de superficie -- Formas elementales de narratividad -- El relato mínimo -- El programa narrativo -- Estructuras profundas y estructuras de superficie -- Formas narrativas y semánticas. Elementos de metodología -- Formas enunciativas y formas enunciativas. Estatuto semiótico de la enunciación. | |
| 526 | _aP145 | ||
| 526 | _aP127 | ||
| 526 | _aP97 | ||
| 526 | _aP35 | ||
| 526 | _aP14 | ||
| 526 | _aP07 | ||
| 541 | _g043-0014414; | ||
| 650 | 1 | 4 | _aLinguística. |
| 650 | 1 | 4 |
_aSemiótica _vManuales. |
| 710 | 2 | _aUniversidad de San Martín de Porres. | |
| 910 |
_ardg _bjck _crdg _d20150520 |
||
| 942 |
_2ddc _cBOOK |
||
| 949 |
_a401.41 C68 _wDEWEY _c1 _i71270 _d2015-11-10 _e2015-11-10 _lCCODEBUL1 _mBUL _n1 _p11.61 _r0 _sY _tBOOK _u2015-5-20 _xEDUCACION _PP20 _0COMPRA _o.STAFF. Colección General |
||
| 994 |
_aC0 _bPEPRU |
||
| 596 | _a1 | ||
| 999 |
_a401.41 C68 _wDEWEY _c20057 _i71270 _d20057 _e2019-9-24 _f2021-11-8 _g5 _lCCODEBUL1 _mBUL _n2 _p11.61 _q1 _r0 _sY _tBOOK _u2015-5-20 _xEDUCACION _PP20 _0COMPRA _o.STAFF. Colección General |
||
| 980 |
_81 _gALBERTO SANCHEZ Responsable de Automatización |
||